El Escorial (Record no. 4728)

MARC details
000 -CABECERA
campo de control de longitud fija 00914nam a2200253 a 4500
001 - NÚMERO DE CONTROL
campo de control BRCA_5034
005 - FECHA Y HORA DE LA ÚLTIMA TRANSACCIÓN
campo de control 20190320204919.0
008 - DATOS DE LONGITUD FIJA--INFORMACIÓN GENERAL
campo de control de longitud fija 240910s1963----sp-a######---#000-0#spa-#
041 ## - CÓDIGO DE LENGUA
Código de lengua del texto/banda sonora o título independiente spa
044 ## - CÓDIGO DEL PAÍS DE LA ENTIDAD EDITORA/PRODUCTORA
Código MARC del país sp
050 #4 - SIGNATURA TOPOGRÁFICA DE LA BIBLIOTECA DEL CONGRESO
Número de clasificación NA5811
Número de documento/Ítem .L66 2 1963
100 1# - ENTRADA PRINCIPAL--NOMBRE DE PERSONA
Nombre de persona López Serrano, Matilde
9 (RLIN) 11564
245 10 - MENCIÓN DE TÍTULO
Título El Escorial
Resto del título el monasterio y las casitas del príncipe y del infante
Mención de responsabilidad, etc. comentarios y notas de Matilde López Serrano.
260 ## - PUBLICACIÓN, DISTRIBUCIÓN, ETC.
Lugar de publicación, distribución, etc. Madrid
Nombre del editor, distribuidor, etc. Patrimonio Nacional
Fecha de publicación, distribución, etc. 1963
300 ## - DESCRIPCIÓN FÍSICA
Extensión 199 p.
Otras características físicas il. (algunas a color), 89 láminas, 1 plano
Dimensiones 17 cm.
440 #0 - MENCIÓN DE SERIE/PUNTO DE ACCESO ADICIONAL--TÍTULO
Título Guías turísticas. Patrimonio nacional
Designación de volumen o secuencia 4
9 (RLIN) 12860
500 ## - NOTA GENERAL
Nota general Incluye ìndice de ilustraciones e índice alfabético
500 ## - NOTA GENERAL
Nota general Ver también CFG82 (2a ed.)
500 ## - NOTA GENERAL
Nota general U23
650 14 - PUNTO DE ACCESO ADICIONAL DE MATERIA--TÉRMINO DE MATERIA
Término de materia o nombre geográfico como elemento de entrada Arquitectura religiosa
Subdivisión geográfica España
9 (RLIN) 7863
651 #4 - PUNTO DE ACCESO ADICIONAL DE MATERIA--NOMBRE GEOGRÁFICO
Nombre geográfico El Escorial, España
Subdivisión de forma Guías de viajeros
Subdivisión general Descripción
9 (RLIN) 11645
902 ## - CATALOGADOR
Iniciales GFM
942 ## - ELEMENTOS DE PUNTO DE ACCESO ADICIONAL (KOHA)
Fuente del sistema de clasificación o colocación Library of Congress Classification
Tipo de ítem Koha Libros
Holdings
Estado de retiro Estado de pérdida Estado dañado No para préstamo Localización permanente Ubicación/localización actual Fecha de adquisición Número de inventario Total de préstamos Signatura topográfica completa Código de barras Fecha visto por última vez Precio válido a partir de Tipo de ítem Koha
El ejemplar forma parte de la colección y puede ser consultado según las políticas vigentes.       Biblioteca del Museo Franz Mayer (Rogerio Casas-Alatriste) Biblioteca del Museo Franz Mayer (Rogerio Casas-Alatriste) 04/11/2010 U23   NA5811 .L66 2 1963 (U23) 5137 22/03/2019 22/03/2019 Libros